Sumpahan Mahsorry berdarah pink (Record no. 132787)
[ view plain ]
| 000 -LEADER | |
|---|---|
| fixed length control field | 00707nam a2200253 i 4500 |
| 001 - CONTROL NUMBER | |
| control field | C2-0334293 |
| 003 - CONTROL NUMBER IDENTIFIER | |
| control field | PPAK |
| 005 - DATE AND TIME OF LATEST TRANSACTION | |
| control field | 20180728134138.0 |
| 008 - FIXED-LENGTH DATA ELEMENTS--GENERAL INFORMATION | |
| fixed length control field | 151020s2015 my a|||| ||||| | may d |
| 020 ## - INTERNATIONAL STANDARD BOOK NUMBER | |
| International Standard Book Number | 9789670411453 |
| 040 ## - CATALOGING SOURCE | |
| Original cataloging agency | PPAK |
| Language of cataloging | eng |
| Transcribing agency | PPAK |
| Description conventions | rda |
| 082 04 - DEWEY DECIMAL CLASSIFICATION NUMBER | |
| Classification number | 899.233 |
| Edition number | 23 |
| 090 00 - LOCALLY ASSIGNED LC-TYPE CALL NUMBER (OCLC); LOCAL CALL NUMBER (RLIN) | |
| Classification number (OCLC) (R) ; Classification number, CALL (RLIN) (NR) | 899.233 |
| Feature heading | AIN |
| Feature heading | G |
| 100 0# - MAIN ENTRY--PERSONAL NAME | |
| Personal name | Ain Maisarah, |
| Dates associated with a name | 1982- |
| Relator term | author |
| 245 10 - TITLE STATEMENT | |
| Title | Sumpahan Mahsorry berdarah pink |
| 264 #1 - PRODUCTION, PUBLICATION, DISTRIBUTION, MANUFACTURE, AND COPYRIGHT NOTICE | |
| Place of production, publication, distribution, manufacture | Batu Caves, Selangor : |
| Name of producer, publisher, distributor, manufacturer | Blink Book Sdn. Bhd. , |
| Date of production, publication, distribution, manufacture, or copyright notice | 2015 |
| 300 ## - PHYSICAL DESCRIPTION | |
| Extent | 229 pages : |
| Other physical details | illustrations ; |
| Dimensions | 19 cm |
| 336 ## - CONTENT TYPE | |
| Source | rdacontent |
| Content type term | text |
| 337 ## - MEDIA TYPE | |
| Source | rdamedia |
| Media type term | unmediated |
| 338 ## - CARRIER TYPE | |
| Source | rdacarrier |
| Carrier type term | volume |
| 650 10 - SUBJECT ADDED ENTRY--TOPICAL TERM | |
| Topical term or geographic name entry element | Malay fiction. |
| 700 ## - ADDED ENTRY--PERSONAL NAME | |
| Relator term | author |
| 942 ## - ADDED ENTRY ELEMENTS (KOHA) | |
| -- | dc |
| Koha item type | Book |
| Withdrawn | Not for loan | Current library | Shelving location | Date acquired | Total Checkouts | Total Renewals | Full call number | Barcode | Date last seen | Date last checked out | Koha item type | Checked out |
|---|---|---|---|---|---|---|---|---|---|---|---|---|
| Perpustakaan Alor Setar | Pinjaman Dewasa | 04/11/2015 | 15 | 3 | 899.233 AIN | A01470321 | 10/07/2023 | 08/06/2023 | Book | |||
| Perpustakaan Awam Sungai Petani | Pinjaman Dewasa | 04/11/2015 | 7 | 1 | 899.233 AIN | A01470322 | 17/11/2020 | 12/11/2019 | Book | |||
| Perpustakaan Baling | Pinjaman Dewasa | 04/11/2015 | 17 | 1 | 899.233 AIN | A01470328 | 16/08/2025 | 04/08/2025 | Book | |||
| Perpustakaan Bandar Baharu | Pinjaman Dewasa | 04/11/2015 | 899.233 AIN | A01470329 | 09/05/2018 | Book | ||||||
| Perpustakaan Jitra | Pinjaman Dewasa | 04/11/2015 | 9 | 1 | 899.233 AIN | A01470323 | 24/08/2025 | 16/08/2025 | Book | |||
| Perpustakaan Kuala Nerang | Pinjaman Dewasa | 04/11/2015 | 1 | 1 | 899.233 AIN | A01470330 | 03/09/2020 | 13/07/2020 | Book | |||
| Perpustakaan Kulim | Pinjaman Dewasa | 04/11/2015 | 4 | 899.233 AIN | A01470325 | 10/09/2023 | 20/08/2023 | Book | ||||
| Perpustakaan Kulim | Pinjaman Dewasa | 04/11/2015 | 8 | 899.233 AIN | A01470331 | 28/04/2026 | 28/04/2026 | Book | 19/05/2026 | |||
| Perpustakaan Langkawi | Pinjaman Dewasa | 04/11/2015 | 3 | 1 | 899.233 AIN | A01470324 | 30/05/2022 | 11/05/2022 | Book | |||
| Perpustakaan Merbok | Pinjaman Dewasa | 04/11/2015 | 4 | 1 | 899.233 AIN | A01470332 | 17/07/2022 | 21/06/2022 | Book | |||
| Perpustakaan Sik | Pinjaman Dewasa | 04/11/2015 | 5 | 1 | 899.233 AIN | A01470327 | 23/08/2020 | 09/08/2020 | Book | |||
| Perpustakaan Yan | Pinjaman Dewasa | 04/11/2015 | 2 | 899.233 AIN | A01470326 | 17/03/2020 | 09/03/2020 | Book |